| 000 | 00923nai a22002417a 4500 | ||
|---|---|---|---|
| 003 | OSt | ||
| 005 | 20170720105404.0 | ||
| 008 | 130910b2015 slv spa | ||
| 040 | _cBMC | ||
| 082 | _a378.00772845 | ||
| 082 | _a378.72840014 | ||
| 082 | _a001.47284 | ||
| 110 | 2 |
_91064 _aUniversidad Católica de El Salvador |
|
| 245 | 1 | 0 |
_aAnuario de investigación 2015 _cUNICAES |
| 260 |
_aSanta Ana _bUNICAES, Dirección de Investigación _c2015 |
||
| 300 |
_a426 p. _bil. _c28 cm |
||
| 490 |
_aPublicaciones de la Dirección de Investigación _xISSN 2227-4235 _v4 |
||
| 610 | 2 | 4 |
_99278 _aUniversidad Católica de El Salvador _bDirección de Investigación _vAnuarios |
| 610 | 2 | 4 |
_98619 _aUniversidad Católica de El Salvador _xActividad científica |
| 650 | 2 | 4 |
_94874 _aInvestigación _zEl Salvador |
| 710 | 0 | 1 |
_99274 _aUniversidad Católica de El Salvador _bDirección de Investigación |
| 942 |
_2ddc _cBK _hprozim |
||
| 999 |
_c22512 _d22512 |
||